ABOMINABLE SNOWMAN OF PASADENA (GOOSEBUMPS S.) (Record no. 11161)
[ view plain ]
| 000 -LEADER | |
|---|---|
| fixed length control field | 00282nam a22000977a 4500 |
| 008 - FIXED-LENGTH DATA ELEMENTS--GENERAL INFORMATION | |
| fixed length control field | 180927b ||||| |||| 00| 0 eng d |
| 020 ## - INTERNATIONAL STANDARD BOOK NUMBER | |
| International Standard Book Number | 9780590190930 |
| 100 ## - MAIN ENTRY--PERSONAL NAME | |
| Personal name | Stine. R L |
| 9 (RLIN) | 6923 |
| 245 ## - TITLE STATEMENT | |
| Title | ABOMINABLE SNOWMAN OF PASADENA (GOOSEBUMPS S.) |
| 260 ## - PUBLICATION, DISTRIBUTION, ETC. (IMPRINT) | |
| Place of publication, distribution, etc. | New York |
| Name of publisher, distributor, etc. | Parachute press |
| Date of publication, distribution, etc. | 1995 |
| Withdrawn status | Lost status | Source of classification or shelving scheme | Damaged status | Koha normalized classification for sorting | Not for loan | Home library | Current library | Shelving location | Date acquired | Total Checkouts | Full call number | Barcode | Date last seen | Date last checked out | Price effective from | Koha item type |
|---|---|---|---|---|---|---|---|---|---|---|---|---|---|---|---|---|
| Dewey Decimal Classification | STI_813_564000000000000 | Good Samaritan School Library | Good Samaritan School Library | FICTION | 09/27/2018 | 3 | STI813.564 | STI15149 | 07/18/2019 | 07/11/2019 | 09/27/2018 | BOOK |